00568 2200217 4500001002100000005001500021035002000036245006500056100001300121250000600134300003300140700002200173260003100195082001000226084001600236020002200252650002500274990001700299990001700316990001700333INLIS00000000000035420181010024854 a0010-10180000441 aDarah dan Jantung /cSema Gul; Penerjemah, Astri K. Cil, S.S0 aSema Gul a- a32 hlm. :bilus. ;c28,5 cm.0 aAstri K. Cil, S.S aBogor :bYudhistira,c2007 a611.1 a611.1 SEM d a978-979-019-006-1 aOrgan Kardiovaskuler a01416/P/2018 a01417/P/2018 a01418/P/2018